00000000nam##2200000za#4500
0019.659328
003CaOODSP
00520200330134929
007ta
008150407|1997||||xxc|||||     f|0| 0 fre|d
020 |a0-662-62978-7
040 |aCaOODSP|bfre
041 |aeng
041 |afre
043 |an-cn---
0861 |aS41-1996-1
1101 |aCanada. |bPatrimoine canadien.
24510|aSupplément au rapport annuel, 1995-1996, langues officielles : |bSommaire des états de réalisations 1995-1996 et des plans d'action 1996-1997 ou pluriannuels des ministères et organismes fédéraux clés visés par l'article 41 de la Loi sur les langues officielles
260 |aOttawa - Ontario : |bPatrimoine canadien |c1997.
300 |aTexte français, 87p. ; |c28 cm.
546 |aBilingue
563 |aCouverture souple
590 |a97-24|b1997-06-13
7760#|tSupplément au rapport annuel, 1995-1996, langues officielles : |w(CaOODSP)9.641659
7760#|tSupplement to the annual report, 1995-96, official languages : |w(CaOODSP)9.697624
791 |tSupplement to the annual report, 1995-96, official languages : |eeng|w(CaOODSP)9.659327